000 00691nam a2200253Ia 4500
003 OSt
005 20220918205550.0
006 a|||||r|||| 00| 0
007 ta
008 220917b |||||||| |||| 00| 0 eng d
024 _a117,049
037 _cTextual
040 _aARTS
_cARTS
_beng
041 _2eng
_aeng
082 _aV642.N8, M3
100 _aRotberg Robert I Ed
_994339
245 0 _aNamibia
_b Political and economic prospects
260 _aLexington
_bLexington Books
_c1983
300 _aviii, 133p.
_ccm.
500 _aBibliography p115-122
650 _aHISTORY
942 _hV642.N8, M3
_cTEXL
_2CC
999 _c240343
_d240343